000
00324nam a22001337a 4500
008
181031b xxu||||| |||| 00| 0 eng d
020
_a
9780534089405
041
_a
eng
080
_a
371
100
_a
46
101
_a
EDU
245
_a
The Language of Learning Vocabulary for College Success
_c
Hopper,J
942
_2
udc
_c
BK
999
_c
51271
_d
51271